| 000 | 01130nam0a2200337 4500 | ||
|---|---|---|---|
| 001 | RU\NLR\BIBL_A\012401414 | ||
| 005 | 20201118131052.0 | ||
| 010 |
_a978-5-907222-68-7 _9700 |
||
| 021 |
_aRU _bКН-П-20-043774 _9КН-П-20-3338 |
||
| 035 | _a(NLR Aleph) 012401414 | ||
| 035 | _a(RuMoRGB)010385454 | ||
| 090 |
_a11727267 _c11727267 |
||
| 100 | _a20201111d2020 u y0rusy50 ca | ||
| 101 | 0 | _arus | |
| 102 | _aRU | ||
| 105 | _aac||z|||000gy | ||
| 181 | 0 |
_ai _baxxe |
|
| 182 | 0 | _an | |
| 200 | 1 |
_aГоргиппия _e[стихи] _fТатьяна Половинкина |
|
| 203 |
_aТекст _bвизуальный _cнепосредственный |
||
| 210 |
_aКраснодар _cНовация _d2020 |
||
| 215 |
_a100, [3] с. _cил., портр. _d20 |
||
| 327 | 1 | _aСодерж.: циклы: Мавро; Лэфко | |
| 686 | 2 | _aШ6(2=Р)8-5 | |
| 700 | 1 |
_aПоловинкина _bТ.Ю. _gТатьяна Юрьевна |
|
| 942 | _cBOOK | ||
| 980 | _aNBR | ||
| 980 | _aNB | ||